The achieving society
Gespeichert in:
| 1. Verfasser: | |
|---|---|
| Format: | Buch |
| Sprache: | Englisch |
| Veröffentlicht: |
Princeton
D. van Nostrand
1961
|
| Schlagworte: | |
| Tags: |
Tag hinzufügen
Keine Tags, Fügen Sie den ersten Tag hinzu!
|
MARC
| LEADER | 00000nam a2200000 a 4500 | ||
|---|---|---|---|
| 001 | UCR9756 | ||
| 003 | CL-VaPUC | ||
| 008 | 980613e19610000us |||||||||||||||||eng|d | ||
| 082 | 0 | 4 | |a 303.44 |b MCC |2 21 |
| 100 | |a McClelland, David Clarence |e autor |9 590770 | ||
| 245 | 1 | 4 | |a The achieving society |
| 300 | |a 512 p | ||
| 942 | |c BK | ||
| 945 | |d 19980613 00:00:00 |a crobeson | ||
| 260 | |a Princeton |b D. van Nostrand |c 1961 | ||
| 650 | 0 | |a Cambio social |9 256857 | |
| 650 | 0 | |a Desarrollo económico y social |9 256320 | |
| 650 | 0 | |a Procesos sociales |9 337802 | |
| 650 | 0 | |a Dinámica social |9 334923 | |
| 650 | 0 | |a Interacción social |9 307764 | |
| 650 | 7 | |a SOCIEDAD CAMBIANTE |2 CL-VaPUC |9 334579 | |
| 650 | 0 | |a Sociología del cambio |9 337801 | |
| 583 | |a last modification |c 20150504 03:31:00 |k Rodrigo Vera | ||
| 999 | |c 270932 |d 270930 | ||